Holiday Quiz

Random Holiday or Christmas Quiz

Christmas Images Quiz Stats

Quiz Updated Dec 20, 2013

Challenge
Share
Tweet
Score 0/20 Timer 05:00
0 Plays Today
% Correct
Christmas Tree
98.8%
Snowman
98.5%
Presents
94.9%
Candy Canes
94.9%
Santa Claus
94.8%
Stocking
94.1%
Christmas Dinner
93.5%
Mistletoe
93.2%
Carol Singers
92.5%
Nativity
89.9%
% Correct
Wreath
88.9%
Nutcrackers
86.7%
Yule Log
84.9%
Eggnog
84.5%
Holly
82%
Roast Chestnuts
77.4%
Christmas Pudding
72.3%
Advent Calendar
67.1%
Mulled Wine
61.2%
Mince Pies
43.3%

You're not logged in!

Compare scores with friends on all Sporcle quizzes.
Sign Up with Email
OR
Log In

You Might Also Like...

Show Comments

Extras

Top Quizzes Today


Score Distribution

Your Account Isn't Verified!

In order to create a playlist on Sporcle, you need to verify the email address you used during registration. Go to your Sporcle Settings to finish the process.